| 000 | 00576cam a22002171i 4500 | ||
|---|---|---|---|
| 001 | sa 68016710 | ||
| 003 | DLC | ||
| 005 | 20260227112656.0 | ||
| 008 | 830602s1965 io ac 000 0 ind | ||
| 010 | _asa 68016710 | ||
| 035 | _a(OCoLC)9568776 | ||
| 040 |
_aDLC _cOAU _dOCoLC _dDLC |
||
| 042 | _apremarc | ||
| 050 | 0 | 0 |
_aQC773.3.I5 _bA43 |
| 110 | 2 | _aLembaga Tenaga Atom. | |
| 245 | 1 | 0 | _aTenaga atom di Indonesia. |
| 260 |
_a[Djakarta ; _c1965?] |
||
| 300 |
_a28 p. : _bill., ports. ; _c24 cm. |
||
| 500 | _aCover title. | ||
| 650 | 0 |
_aNuclear energy _xResearch _zIndonesia. |
|
| 999 |
_c87260 _d87260 |
||